Cine centroamericano contemporáneo: memoria histórica, condiciones de realización y producción /
Analiza la evolución del cine en Centroamérica y su papel en la construcción de la memoria histórica en la región. La autora examina las temáticas, narrativas y estilos cinematográficos utilizados por los cineastas centroamericanos para abordar y representar los eventos históricos, los conflictos so...
Gespeichert in:
| 1. Verfasser: | |
|---|---|
| Format: | Buch |
| Sprache: | Spanish |
| Schlagworte: | |
| Tags: |
Tag hinzufügen
Keine Tags, Fügen Sie den ersten Tag hinzu!
|
MARC
| LEADER | 00000nam a22000007a 4500 | ||
|---|---|---|---|
| 003 | cru IIS | ||
| 005 | 20230902200739.0 | ||
| 007 | ta | ||
| 008 | 220804t2018 cr |||p|r|||| 00| 0 spa d | ||
| 040 | |c cru IIS | ||
| 100 | 1 | |9 10660 |a Cabezas Vargas, Andrea |e Autora | |
| 245 | 1 | |a Cine centroamericano contemporáneo: |b memoria histórica, condiciones de realización y producción / |c Andrea Cabezas Vargas | |
| 300 | |a páginas 17-41 | ||
| 500 | |a Colección Centroamérica | ||
| 520 | |a Analiza la evolución del cine en Centroamérica y su papel en la construcción de la memoria histórica en la región. La autora examina las temáticas, narrativas y estilos cinematográficos utilizados por los cineastas centroamericanos para abordar y representar los eventos históricos, los conflictos sociales y las luchas políticas que han marcado la región. También se exploran los desafíos y las oportunidades que enfrenta la industria cinematográfica en Centroamérica. RAR 12/2022 | ||
| 650 | 0 | |2 OCDE |9 614 |a CINE | |
| 650 | 0 | |2 OCDE |9 674 |a CONFLICTOS SOCIALES | |
| 650 | 0 | |2 OCDE |9 4465 |a IDENTIDAD CULTURAL | |
| 650 | 0 | |2 UNESCO |9 2742 |a PATRIMONIO CULTURAL | |
| 650 | 0 | |2 UNESCO |9 8598 |a HISTORIA DEL CINE | |
| 773 | 0 | |0 18765 |9 7627 |a Universidad de Costa Rica. |d San José, Costa Rica: Editorial Universidad de Costa Rica, 1974- |o 23636 |t Anuario de Estudios Centroamericanos / |x 03777316 | |
| 773 | 0 | |0 18765 |9 7629 |a Universidad de Costa Rica. |d San José, Costa Rica: Editorial Universidad de Costa Rica, 1974- |o 23638 |t Anuario de Estudios Centroamericanos / |x 03777316 | |
| 942 | |2 ddc |c PP | ||
| 999 | |c 44468 |d 44468 | ||
